00938nam a22002417a 450000500170000001000130001702000220003003500130005203700160006504000120008108200180009310000280011124500950013926000390023427000430027330000200031650000210033665000790035765000770043694200270051399900190054095201370055920170124110027.0 aB-157436 a0070586144c00.00 aB-157436 bCen Lib/Ret aDPLbEN a621.3822bHAY aHayes, Monson H.920948 aSchaum's outline of theory and problems of digital signal processing /cby Monson H. Hayes aNew DelhibTata McGraw Hill c1999 bNew Delhia7, West Patel Nagare110053 a432p.c23cm(Hb) a Includes index  aSignal processing -- Digital techniques -- Problems, exercises, etc972605 aSignal processing -- Digital techniques -- Outlines, syllabi, etc972606 2ddccENh621.3822mHAY c127592d127592 00104070aLbLd2015-06-30eCen Lib/Retg0.00l1o621.3822 HAYpB-157436r2017-07-24 00:00:00s2017-07-13t1v0.00w2015-06-30yEN